000 00766nam a22001697a 4500
999 _c61957
_d61957
003 Ge_BSU
005 20240614154736.0
008 240614s2009 ge ||||| |||| 00| 0 geo d
041 _ageo
080 _a61(479.223) დ-45
100 _aდიდმანიძე, როლანდ
_922441
245 _aმედიცინა ბათუმის (ხელვაჩაურის ) რაიონში 1921-1995 წ.წ. /
_cროლანდ დიდმანიძე; რედ. რამაზ სურმანიძე.
300 _a158 გვ. :
_bილ.;
_c20 სმ.
653 _aმედიცინა აჭარაში
700 _aსურმანიძე, რამაზ
_eრედაქტორი
_922442
942 _2udc
_cBK